000 01843nam a2200181Ia 4500
008 151202s9999||||xx |||||||||||||| ||und||
082 _bPNVM-72067
100 _a"संपा-नामजोशी,भणगे,साळवी,खिरीड,पिंगळे,बापटव पु.ए.कडूरकर पुणेनगरवाचनमंदिर"
245 _aवसंत व्याख्यान माला शताब्दी महोत्सव स्मरणिका दुर्मिळ एैतिहासिक रेखाचित्रांसह व्याख्यानमालेचा इतिहास 1875 ते 1974.
260 _b"केसरी प्रकाशन,पुणे."
260 _c7206
300 _a140
600 _a"संपा-नामजोशी,भणगे,साळवी,खिरीड,पिंगळे,बापटव पु.ए.कडूरकर पुणेनगरवाचनमंदिर"
630 _aवसंत व्याख्यान माला शताब्दी महोत्सव स्मरणिका दुर्मिळ एैतिहासिक रेखाचित्रांसह व्याख्यानमालेचा इतिहास 1875 ते 1974.
700 _a"संपा-नामजोशी,भणगे,साळवी,खिरीड,पिंगळे,बापटव पु.ए.कडूरकर पुणेनगरवाचनमंदिर"
730 _aवसंत व्याख्यान माला शताब्दी महोत्सव स्मरणिका दुर्मिळ एैतिहासिक रेखाचित्रांसह व्याख्यानमालेचा इतिहास 1875 ते 1974.
942 _cBOOK
999 _c1338735
_d1338732